| 000 | 01070cam a2200217 4500 | ||
|---|---|---|---|
| 001 | WB3941-03 | ||
| 008 | 031029n2003 000 0 eng u | ||
| 035 | _a(Sirsi) u124170 | ||
| 245 | _aTender price rises slow | ||
| 260 | _c2003 | ||
| 490 |
_aRICS News Service _v 28 October 2003 (1) |
||
| 520 | _aThe price of new construction work has been rising by less than the rate of inflation, according to the latest tender price index compiled by the Building Cost Information Service (BCIS). Public sector funding is expected to be the key force behind growth in new work output over the forecast period, with strong growth by new work output, before growth slows to a little below trend in 2004 and 2005. For further details contact Peter Rumble t +44 (0)20 7695 1500 e [email protected]. BCIS website http://www.bcis.co.uk. | ||
| 590 | _aWB | ||
| 650 | _aCONSTRUCTION WORK | ||
| 650 | _aBCIS ALL-IN TENDER PRICE INDEX | ||
| 650 | _aINFLATION | ||
| 650 | _aPUBLIC SECTOR FUNDING | ||
| 650 | _aBCIS | ||
| 690 | _aBUILT ENVIRONMENT-BUILDING COSTS | ||
| 942 | _n0 | ||
| 999 |
_c73704 _d73704 |
||